[Event "Eger"]
[Site "Eger"]
[Date "1995.??.??"]
[Round "?"]
[White "Birk, Steffen"]
[Black "Vajda, Levente"]
[Result "1/2-1/2"]
[WhiteElo "2270"]
[BlackElo "2320"]
[PlyCount "133"]
[EventDate "1995.??.??"]
[Source "www.chesslib.no"]
[SourceDate "2004.05.04"]

1. e4 e5 2. Nf3 Nc6 3. Nc3 Nf6 4. Bb5 Bc5 5. O-O O-O 6. Nxe5 Nxe5 7. d4 Bd6 8. f4 Neg4 9. e5 Bb4 10. exf6 Nxf6 11. f5 d5 12. Bg5 Be7 13. Qf3 c6 14. Bd3 h6 15. Bh4 Re8 16. Rae1 Bd7 17. Kh1 Nh7 18. Bxe7 Rxe7 19. Re5 f6 20. Re3 Qf8 21. Rfe1 Rae8 22. Rxe7 Rxe7 23. Re3 Qe8 24. Nd1 Ng5 25. Rxe7 Qxe7 26. Qe3 Ne4 27. Bxe4 dxe4 28. g4 h5 29. h3 hxg4 30. hxg4 g6 31. Qh3 gxf5 32. gxf5 Qh7 33. Qxh7+ Kxh7 34. Kg2 Kh6 35. Kf2 Bxf5 36. Ke3 Kg5 37. Nf2 Bh7 38. Nh3+ Kf5 39. Nf4 Bg8 40. a4 b5 41. axb5 cxb5 42. b4 a6 43. Ne2 Ke6 44. Nf4+ Kd6 45. Kxe4 Bh7+ 46. Ke3 Bxc2 47. Kd2 Be4 48. Ke3 Bc2 49. Kd2 Bb1 50. Kc1 Be4 51. Kd2 f5 52. Kc3 Kc6 53. Kb3 Kb6 54. Kc3 a5 55. bxa5+ Kxa5 56. d5 Ka4 57. d6 Bc6 58. Nd3 Ka3 59. Ne5 b4+ 60. Kd4 Be8 61. d7 Bxd7 62. Nxd7 b3 63. Nb6 b2 64. Nc4+ Ka2 65. Nxb2 Kxb2 66. Ke5 Kc3 67. Kxf5 1/2-1/2

[Event "BL2-O 9394"]
[Site "GER"]
[Date "1994.??.??"]
[Round "?"]
[White "Braun, Gottfried"]
[Black "Lang, Stefan"]
[Result "0-1"]
[WhiteElo "2330"]
[BlackElo "2250"]
[PlyCount "82"]
[EventDate "1993.10.??"]
[Source "www.chesslib.no"]
[SourceDate "2004.05.04"]

1. e4 e5 2. Nf3 Nc6 3. Nc3 Nf6 4. Bb5 Bc5 5. Nxe5 O-O 6. O-O Nd4 7. Bc4 d6 8. Nf3 Bg4 9. Be2 Nxe2+ 10. Qxe2 Nd7 11. h3 Bh5 12. g4 Bg6 13. d4 Bb6 14. Bg5 f6 15. Be3 Re8 16. Nd2 Ba5 17. b4 Bb6 18. f4 Kh8 19. Qf3 c6 20. Bf2 Rc8 21. Nc4 Bc7 22. a4 Qe7 23. Rfe1 Qf8 24. Rab1 Bb8 25. Ne3 d5 26. exd5 cxd5 27. Nexd5 Bxc2 28. Rbc1 Rxe1+ 29. Rxe1 Bb3 30. Re7 Nb6 31. Nxb6 axb6 32. Rxb7 Qxb4 33. Nd5 Qc4 34. Nxb6 Qc1+ 35. Kg2 Bd1 36. Qe4 Rg8 37. a5 Bxf4 38. a6 Bc2 39. Qe6 Bd3 40. Re7 Qf1+ 41. Kf3 Qxh3+ 0-1

[Event "Belgrade TS04 GM"]
[Site "Belgrade"]
[Date "2002.04.30"]
[Round "11"]
[White "Popovic, Dragan B"]
[Black "Nyysti, Sampsa"]
[Result "1/2-1/2"]
[WhiteElo "2329"]
[BlackElo "2242"]
[PlyCount "69"]
[EventDate "2002.04.20"]
[Source "ChessBase"]
[SourceDate "2002.07.08"]

1. e4 e5 2. Nf3 Nc6 3. Nc3 Nf6 4. Bb5 Bc5 5. O-O d6 6. d4 exd4 7. Nxd4 Bd7 8. Bxc6 bxc6 9. h3 h6 10. Re1 O-O 11. Nb3 Bb4 12. Bd2 d5 13. Nxd5 Nxd5 14. exd5 Bd6 15. dxc6 Bxc6 16. Qg4 Bd7 17. Qd4 Bf5 18. c3 c5 19. Nxc5 Bxc5 20. Qxc5 Qxd2 21. Qxf5 Qxb2 22. c4 Rac8 23. c5 Rc7 24. Qe5 Qxe5 25. Rxe5 Rb8 26. Rc1 Rb2 27. a3 Rb3 28. Re3 Rxe3 29. fxe3 Kf8 30. Kf2 Ke7 31. Ke2 Kd7 32. Kd3 Kc6 33. Kc4 Re7 34. Rc3 Re4+ 35. Kd3 1/2-1/2

[Event "Yerevan ol (Men)"]
[Site "Yerevan"]
[Date "1996.??.??"]
[Round "4"]
[White "Sammalvuo, Tapani"]
[Black "Mangwengwende, John"]
[Result "1-0"]
[WhiteElo "2370"]
[BlackElo "2200"]
[PlyCount "41"]
[EventDate "1996.09.??"]
[Source "www.chesslib.no"]
[SourceDate "2004.05.04"]

1. e4 e5 2. Nf3 Nc6 3. Nc3 Nf6 4. Bb5 Bc5 5. Nxe5 Nxe5 6. d4 Nfg4 7. dxc5 c6 8. Be2 Qh4 9. Bf1 Qh5 10. f4 O-O 11. fxe5 d5 12. cxd6 Be6 13. h3 Qxe5 14. Bf4 Qh5 15. Be2 f5 16. exf5 Bxf5 17. Bxg4 Bxg4 18. Qxg4 Qc5 19. Rd1 h5 20. Qg5 Rf5 21. d7 1-0

[Event "Cataluna-chT"]
[Site "ESP"]
[Date "1999.??.??"]
[Round "7"]
[White "Collado Forner, Jose"]
[Black "Barrera Clot, Carlos"]
[Result "1/2-1/2"]
[WhiteElo "2350"]
[BlackElo "2220"]
[PlyCount "118"]
[EventDate "1999.??.??"]
[Source "www.chesslib.no"]
[SourceDate "2004.05.04"]

1. e4 e5 2. Nf3 Nc6 3. Nc3 Nf6 4. Bb5 Bc5 5. Bxc6 dxc6 6. O-O Bg4 7. d3 Qe7 8. h3 Bh5 9. Qe2 O-O 10. Kh1 Nd7 11. Nd1 Qf6 12. g4 Bg6 13. Ne3 Bxe3 14. fxe3 Qe7 15. Bd2 c5 16. b3 b5 17. Qh2 c4 18. Bc3 Rfe8 19. bxc4 bxc4 20. Rab1 cxd3 21. cxd3 Qc5 22. Qd2 Rab8 23. Rfc1 Rxb1 24. Rxb1 Qc6 25. Nh4 Bxe4+ 26. dxe4 Qxe4+ 27. Kh2 Qxb1 28. Qxd7 Qxa2+ 29. Kg3 Qe6 30. Qxc7 Qb6 31. Qd7 Qxe3+ 32. Nf3 Rf8 33. Bxe5 h5 34. Bd4 h4+ 35. Kg2 Qe2+ 36. Bf2 Rb8 37. Qxa7 Rb2 38. Ng5 Qe8 39. Qd4 Qa8+ 40. Nf3 Ra2 41. Qf4 Qd5 42. g5 Rb2 43. Qxh4 Rb3 44. Qg4 Qc6 45. Qf4 Qd5 46. h4 Qb7 47. Be3 Rb2+ 48. Kg3 Qb8 49. Ne5 Qb7 50. Nf3 Qb8 51. Qxb8+ Rxb8 52. h5 Rb4 53. Bd4 Rb5 54. Kf4 f6 55. Kg4 fxg5 56. Nxg5 Rb4 57. Ne6 Kh7 58. Kf5 Rb5+ 59. Be5 Kh6 1/2-1/2

[Event "Yerevan ol (Women)"]
[Site "Yerevan"]
[Date "1996.??.??"]
[Round "12"]
[White "Uskova, Fliura"]
[Black "Makropoulou, Marina"]
[Result "1/2-1/2"]
[WhiteElo "2310"]
[BlackElo "2250"]
[PlyCount "124"]
[EventDate "1996.09.??"]
[Source "www.chesslib.no"]
[SourceDate "2004.05.04"]

1. e4 e5 2. Nf3 Nc6 3. Nc3 Nf6 4. Bb5 Bc5 5. O-O d6 6. d4 exd4 7. Nxd4 Bd7 8. Nb3 Bb6 9. Na4 O-O 10. Nxb6 axb6 11. Re1 Re8 12. Bd3 Ng4 13. f3 Nge5 14. Bf1 Be6 15. f4 Bxb3 16. cxb3 Ng6 17. g3 Qf6 18. Bg2 Nf8 19. a3 Ne6 20. Rb1 Qd4+ 21. Be3 Qxd1 22. Rbxd1 Nc5 23. b4 Na4 24. b5 Na7 25. b3 Nc5 26. Bxc5 bxc5 27. b6 cxb6 28. Rxd6 Nc6 29. a4 Rad8 30. Red1 Nd4 31. Rxd8 Rxd8 32. Rb1 Ne2+ 33. Kf2 Nc3 34. Rc1 Rd2+ 35. Kf1 Nd1 36. Bf3 Ne3+ 37. Kg1 Kf8 38. Rc3 Nc2 39. e5 Nd4 40. Bg4 g6 41. Re3 h5 42. Bf3 Rb2 43. Bd5 h4 44. gxh4 Ne2+ 45. Kf1 Nxf4 46. Bxf7 Kxf7 47. Rf3 Ke6 48. Rxf4 Kxe5 49. Rg4 Kf5 50. Rg5+ Kf6 51. Rd5 Rxb3 52. Rd7 Ke5 53. Rxb7 c4 54. Rg7 Kd4 55. Rxg6 Ke3 56. Re6+ Kd2 57. h5 c3 58. Rd6+ Ke3 59. Rc6 Kf3 60. Rf6+ Ke3 61. Rc6 Kd2 62. Rd6+ Ke3 1/2-1/2

[Event "EU-ch U20 Girls"]
[Site "Aviles"]
[Date "2000.08.27"]
[Round "11"]
[White "Rohonyan, Katerina"]
[Black "Pokorna, Regina"]
[Result "1/2-1/2"]
[WhiteElo "2194"]
[BlackElo "2363"]
[PlyCount "72"]
[EventDate "2000.08.18"]
[Source "ChessBase"]
[SourceDate "2000.09.14"]

1. e4 e5 2. Nf3 Nc6 3. Nc3 Nf6 4. Bb5 Bc5 5. Nxe5 Nd4 6. Ba4 O-O 7. Nd3 Bb6 8. e5 Ne8 9. Nd5 d6 10. c3 Nc6 11. Bxc6 bxc6 12. Nxb6 axb6 13. Qf3 d5 14. O-O f6 15. Qe3 Ba6 16. Re1 Bxd3 17. Qxd3 fxe5 18. Rxe5 Nd6 19. Qe2 Qh4 20. d3 Rae8 21. g3 Rxe5 22. Qxe5 Qg4 23. Bf4 Re8 24. Qg5 Qf3 25. Bxd6 cxd6 26. d4 h6 27. Qg6 Re2 28. Rf1 Rxb2 29. Qe8+ Kh7 30. Qxc6 Rxa2 31. Qxd6 Re2 32. Qxb6 Qxc3 33. Qb1+ Kg8 34. Qb8+ Kh7 35. Qb1+ Kg8 36. Qb8+ Kh7 1/2-1/2

[Event "Dieren Open"]
[Site "Dieren NED"]
[Date "1989.??.??"]
[Round "6"]
[White "Van de Oudeweetering, Arthur"]
[Black "Hegeler, Frank"]
[Result "1-0"]
[WhiteElo "2315"]
[BlackElo "2240"]
[PlyCount "77"]
[EventDate "1989.??.??"]
[Source "www.chesslib.no"]
[SourceDate "2004.05.04"]

1. e4 e5 2. Nf3 Nc6 3. Nc3 Nf6 4. Bb5 Bc5 5. Nxe5 Nxe5 6. d4 Bd6 7. dxe5 Bxe5 8. O-O O-O 9. Bd3 c6 10. Bg5 Qa5 11. f4 Bxc3 12. bxc3 Qxc3 13. e5 Qd4+ 14. Kh1 Ne4 15. Bh4 f5 16. exf6 d5 17. fxg7 Qxg7 18. Bxe4 dxe4 19. a4 Qg4 20. Qxg4+ Bxg4 21. Rae1 Rae8 22. Re3 Be6 23. g4 Bd5 24. f5 a5 25. Rb1 Rf7 26. Kg2 Rd7 27. Be1 Rc8 28. Kg3 Ra8 29. h4 Kf7 30. g5 b5 31. axb5 cxb5 32. Rxb5 a4 33. h5 a3 34. Bc3 a2 35. g6+ hxg6 36. fxg6+ Ke6 37. Ba1 Kf5 38. c4 Rc8 39. g7 1-0

[Event "Lee Cup"]
[Site "Beijing CHN"]
[Date "1995.??.??"]
[Round "7"]
[White "Yin Hao"]
[Black "Li Shilong"]
[Result "1/2-1/2"]
[WhiteElo "2265"]
[BlackElo "2290"]
[PlyCount "107"]
[EventDate "1995.08.??"]
[Source "www.chesslib.no"]
[SourceDate "2004.05.04"]

1. e4 e5 2. Nf3 Nc6 3. Nc3 Nf6 4. Bb5 Bc5 5. O-O O-O 6. Nxe5 Re8 7. Nf3 Nxe4 8. Nxe4 Rxe4 9. d3 Re8 10. d4 Bf8 11. d5 Ne5 12. Nxe5 Rxe5 13. Bf4 Rf5 14. Bg3 c6 15. Bc4 d6 16. dxc6 bxc6 17. Bd3 Rg5 18. f4 Rxg3 19. hxg3 Qb6+ 20. Kh2 Qxb2 21. Qf3 d5 22. Rae1 Bd7 23. Qh5 g6 24. Qe5 Qxe5 25. Rxe5 Rb8 26. c4 Bd6 27. Re2 Rb4 28. cxd5 cxd5 29. Rb1 Rd4 30. Ba6 Bg4 31. Reb2 Bf5 32. Rf1 Ba3 33. Rb3 Bc5 34. Rc1 Bb6 35. Rb2 h5 36. Be2 Ra4 37. Rd1 Be4 38. Bb5 Ra3 39. Bc6 Ra5 40. a4 Rc5 41. Bb7 Kg7 42. Rb5 Rc2 43. Bxd5 Rxg2+ 44. Kh3 Bxd5 45. Rbxd5 Ra2 46. Re5 Rxa4 47. Rd7 Rd4 48. Rb7 Rd6 49. Kg2 Bd4 50. Ree7 Rf6 51. Re8 Bb6 52. Kf3 Bc5 53. Rc8 Bb6 54. Re8 1/2-1/2

[Event "EU-ch U20 Girls"]
[Site "Aviles"]
[Date "2000.08.20"]
[Round "5"]
[White "Khukhashvili, Sopiko"]
[Black "Houska, Jovanka"]
[Result "1/2-1/2"]
[WhiteElo "2272"]
[BlackElo "2279"]
[PlyCount "111"]
[EventDate "2000.08.18"]
[Source "ChessBase"]
[SourceDate "2000.09.14"]

1. e4 e5 2. Nf3 Nc6 3. Nc3 Nf6 4. Bb5 Bc5 5. O-O d6 6. h3 O-O 7. Bxc6 bxc6 8. d3 Re8 9. Re1 h6 10. a3 a5 11. Na4 Ba7 12. b3 Bd7 13. Nb2 Nh5 14. Nc4 Qf6 15. d4 exd4 16. e5 Qd8 17. exd6 Rxe1+ 18. Nxe1 Nf6 19. dxc7 Qxc7 20. Bd2 Bb8 21. Nf3 c5 22. Qe1 Bc6 23. Nfe5 Bd5 24. f4 Qb7 25. Qf1 Bc7 26. Be1 a4 27. b4 cxb4 28. Bxb4 Ne4 29. Nd2 Ng3 30. Qf2 Nf5 31. Rb1 f6 32. Bc5 Qc8 33. Nd3 Ne3 34. Ne1 Nf5 35. g4 Bb8 36. Bb6 Ne3 37. Bxd4 Nxg4 38. Qg3 h5 39. hxg4 hxg4 40. c3 Bd6 41. Nd3 Bxa3 42. Nf2 Be6 43. Nf1 Bc5 44. Ne3 Bxd4 45. cxd4 a3 46. Nfd1 a2 47. Ra1 Qd7 48. Qg2 Rd8 49. d5 Bxd5 50. Nxd5 Qxd5 51. Qxd5+ Rxd5 52. Nc3 Rd4 53. Ne2 Rd2 54. Nc3 Rd4 55. Ne2 Rd2 56. Nc3 1/2-1/2

[Event "HZ Open"]
[Site "?"]
[Date "2003.08.03"]
[Round "2"]
[White "Jonkman Harmen"]
[Black "Michiels Rob"]
[Result "1-0"]
[WhiteElo "2424"]
[BlackElo "2117"]
[PlyCount "37"]
[EventDate "2003.??.??"]
[Source "www.chesslib.no"]
[SourceDate "2004.05.04"]

1. e4 e5 2. Nf3 Nc6 3. Nc3 Nf6 4. Bb5 Bc5 5. Nxe5 Nxe5 6. d4 Bb4 7. dxe5 Nxe4 8. Qf3 Nxc3 9. bxc3 Qe7 10. O-O Bc5 11. Qg3 O-O 12. Bg5 Qe6 13. Bf6 g6 14. Qh4 Re8 15. Rad1 Be7 16. Bc4 d5 17. Rxd5 h5 18. Qg5 c6 19. Rd6 1-0

[Event "Milan Vedior Trophy"]
[Site "Milan"]
[Date "2002.05.17"]
[Round "2"]
[White "Di Fonzo, Valerio"]
[Black "Geenen, Marc"]
[Result "1/2-1/2"]
[WhiteElo "2208"]
[BlackElo "2332"]
[PlyCount "30"]
[EventDate "2002.05.16"]
[Source "ChessBase"]
[SourceDate "2002.07.08"]

1. e4 e5 2. Nf3 Nc6 3. Nc3 Nf6 4. Bb5 Bc5 5. d3 d6 6. Na4 Bb6 7. Nxb6 axb6 8. h3 h6 9. c3 Bd7 10. O-O Ne7 11. Bxd7+ Qxd7 12. Re1 Ng6 13. d4 O-O 14. dxe5 dxe5 15. Qxd7 Nxd7 1/2-1/2

[Event "Lowell, MA"]
[Site "?"]
[Date "2002.02.09"]
[Round "3"]
[White "Karatekin Tamer"]
[Black "Bennett Allan"]
[Result "0-1"]
[WhiteElo "2284"]
[BlackElo "2255"]
[PlyCount "44"]
[EventDate "2002.??.??"]
[Source "www.chesslib.no"]
[SourceDate "2004.05.04"]

1. e4 e5 2. Nf3 Nc6 3. Nc3 Nf6 4. Bb5 Bc5 5. O-O O-O 6. Nxe5 Nd4 7. Bc4 c6 8. Nd3 Bb6 9. e5 d5 10. exf6 dxc4 11. fxg7 cxd3 12. gxf8=Q+ Qxf8 13. cxd3 Qg7 14. Ne4 f5 15. Nd6 f4 16. Nxc8 f3 17. g3 Rxc8 18. Kh1 Re8 19. b4 Qg4 20. Bb2 Re2 21. Bxd4 Bxd4 22. Qb3+ Kf8 0-1

[Event "FMDA tt"]
[Site "Buenos Aires ARG"]
[Date "1992.??.??"]
[Round "8"]
[White "Juarez, Alberto"]
[Black "Perez Pietronave, Carlos"]
[Result "1/2-1/2"]
[WhiteElo "2265"]
[BlackElo "2270"]
[PlyCount "81"]
[EventDate "1992.??.??"]
[Source "www.chesslib.no"]
[SourceDate "2004.05.04"]

1. e4 e5 2. Nf3 Nc6 3. Nc3 Nf6 4. Bb5 Bc5 5. O-O O-O 6. Nxe5 Nxe5 7. d4 Bd6 8. f4 Nc6 9. e5 Be7 10. exf6 Bxf6 11. d5 Ne7 12. Bc4 b5 13. Be2 Bb7 14. Bf3 Bxc3 15. bxc3 d6 16. Qd3 Qd7 17. Re1 Rfe8 18. g3 Nxd5 19. Ba3 c6 20. Kg2 g6 21. Kg1 Rxe1+ 22. Rxe1 Re8 23. Rxe8+ Qxe8 24. Kf2 Qe6 25. Bg2 Qf6 26. Bb2 b4 27. Qd4 Qxd4+ 28. cxd4 Nb6 29. Bf1 d5 30. Kf3 Bc8 31. Bd3 Bf5 32. Ke2 Bxd3+ 33. cxd3 h5 34. Bc1 Na4 35. Bd2 a5 36. Kd1 c5 37. dxc5 Nxc5 38. Kc2 Ne6 39. Kb3 Nc5+ 40. Kc2 Ne6 41. Kb3 1/2-1/2

[Event "BL2-O 9596"]
[Site "GER"]
[Date "1996.??.??"]
[Round "?"]
[White "Meier, Volker"]
[Black "Reipsch, Jens"]
[Result "1/2-1/2"]
[WhiteElo "2295"]
[BlackElo "2240"]
[PlyCount "60"]
[EventDate "1995.10.??"]
[Source "www.chesslib.no"]
[SourceDate "2004.05.04"]

1. e4 e5 2. Nf3 Nc6 3. Nc3 Nf6 4. Bb5 Bc5 5. O-O O-O 6. Nxe5 Nxe5 7. d4 Bd6 8. f4 Nc6 9. e5 Be7 10. d5 Nb4 11. exf6 Bxf6 12. Bc4 b6 13. Rf3 Re8 14. Be3 c5 15. Bf2 d6 16. f5 Re5 17. a3 Ba6 18. Bxa6 Nxa6 19. Bg3 Re7 20. Qd3 Nc7 21. Raf1 Bd4+ 22. Kh1 Bxc3 23. bxc3 f6 24. Bf4 Qd7 25. g4 Rae8 26. c4 b5 27. cxb5 Nxb5 28. c4 Nd4 29. Re3 Rxe3 30. Bxe3 Qe7 1/2-1/2

[Event "It (Men) Budapest HUN"]
[Site "?"]
[Date "2005.09.11"]
[Round "9"]
[White "Stupavski Zdenko"]
[Black "Bulthaupt Freerk"]
[Result "1-0"]
[WhiteElo "2337"]
[BlackElo "2185"]
[PlyCount "75"]
[EventDate "2005.??.??"]
[Source "www.chesslib.no"]
[SourceDate "2004.05.04"]

1. e4 e5 2. Nf3 Nc6 3. Nc3 Nf6 4. Bb5 Bc5 5. Bxc6 dxc6 6. d3 O-O 7. h3 Re8 8. g4 Nd7 9. Ne2 Bf8 10. Ng3 c5 11. Be3 Nb8 12. Nf5 Nc6 13. Qe2 Be6 14. h4 Qd7 15. Ng5 Rad8 16. Nxe6 Rxe6 17. h5 b6 18. g5 g6 19. Nh4 Rd6 20. hxg6 fxg6 21. b3 Qe6 22. Nf3 R6d7 23. Nh2 c4 24. bxc4 Bb4+ 25. Kf1 Be7 26. Qg4 Qf7 27. Kg2 Nd4 28. Rhc1 Rd6 29. Qg3 Nc6 30. Ng4 Qg7 31. a3 Rf8 32. Rh1 Rd7 33. Rh4 Bd8 34. Nh6+ Kh8 35. Rf1 Be7 36. Ng4 Bd8 37. Rfh1 h5 38. Rxh5+ 1-0

[Event "Barcelona op rap"]
[Site "Barcelona"]
[Date "1996.??.??"]
[Round "?"]
[White "Vehi Bach, Victor Manuel"]
[Black "Avila Jimenez, Javier"]
[Result "1-0"]
[WhiteElo "2390"]
[BlackElo "2130"]
[PlyCount "49"]
[EventDate "1996.??.??"]
[Source "www.chesslib.no"]
[SourceDate "2004.05.04"]

1. e4 e5 2. Nf3 Nc6 3. Nc3 Nf6 4. Bb5 Bc5 5. Nxe5 Bxf2+ 6. Kxf2 Nxe5 7. d4 Neg4+ 8. Kg1 h5 9. e5 Ng8 10. h3 N4h6 11. Qxh5 c6 12. Bc4 d5 13. Bd3 Qb6 14. Ne2 Be6 15. Qg5 g6 16. g4 Ne7 17. Kg2 Qc7 18. b3 O-O-O 19. Ba3 Nhg8 20. Bd6 Qd7 21. Rae1 f6 22. exf6 Qxd6 23. fxe7 Re8 24. Nf4 Rxe7 25. Nxg6 1-0

[Event "Manresa op"]
[Site "?"]
[Date "1998.??.??"]
[Round "8"]
[White "Vehi, V."]
[Black "Rodriguez, J."]
[Result "1/2-1/2"]
[WhiteElo "2390"]
[BlackElo "2130"]
[PlyCount "85"]
[EventDate "1998.??.??"]
[Source "www.chesslib.no"]
[SourceDate "2004.05.04"]

1. e4 e5 2. Nf3 Nc6 3. Nc3 Nf6 4. Bb5 Bc5 5. O-O d6 6. d4 exd4 7. Nxd4 Bd7 8. Nb3 Bb6 9. Bg5 Ne5 10. Bxd7+ Nexd7 11. Kh1 O-O 12. Nd4 Re8 13. Nf5 Ba5 14. f3 Bxc3 15. bxc3 Nf8 16. c4 h6 17. Bh4 Ng6 18. Be1 Qd7 19. Bc3 Qe6 20. Qd4 Ne5 21. Rae1 b6 22. Qf2 Kh7 23. Qg3 g6 24. Ne3 Nh5 25. Qh4 Qe7 26. Qxe7 Rxe7 27. Nd5 Rd7 28. Bxe5 dxe5 29. g4 c6 30. gxh5 cxd5 31. hxg6+ fxg6 32. exd5 Rc8 33. Re4 Rdc7 34. Rxe5 Rxc4 35. d6 Kg7 36. Rd1 Kf6 37. f4 Rd8 38. d7 Rc7 39. Rd6+ Kf7 40. Ree6 Rxc2 41. f5 gxf5 42. Rxh6 Rc7 43. Rh7+ 1/2-1/2

[Event "Andratx (1er tournoi)"]
[Site "?"]
[Date "2004.10.06"]
[Round "4.5"]
[White "Schilow Wladimir"]
[Black "Moreno Garcia Alfonso"]
[Result "1-0"]
[WhiteElo "2432"]
[BlackElo "2087"]
[PlyCount "103"]
[EventDate "2004.??.??"]
[Source "www.chesslib.no"]
[SourceDate "2004.05.04"]

1. e4 e5 2. Nf3 Nc6 3. Nc3 Nf6 4. Bb5 Bc5 5. O-O d6 6. d4 exd4 7. Nxd4 Bd7 8. Nf5 Bxf5 9. exf5 O-O 10. Bg5 a6 11. Bxc6 bxc6 12. Ne4 Nxe4 13. Bxd8 Rfxd8 14. b4 Bb6 15. c4 Re8 16. Qd3 Re5 17. g4 g6 18. fxg6 hxg6 19. Kg2 Nf6 20. h3 Rae8 21. a4 a5 22. c5 dxc5 23. bxa5 Bxa5 24. Qa6 c4 25. Qxc4 R8e6 26. Qa6 Kg7 27. Rac1 Bb6 28. Qb7 c5 29. Qa8 Re8 30. Qa6 c4 31. Rxc4 Ne4 32. Rc2 Ra5 33. Qc4 Nd6 34. Qc3+ Kg8 35. Rd1 Ne4 36. Qc6 Re6 37. Rd8+ Kg7 38. Qc4 Rc5 39. Qd4+ Rce5 40. Qb2 g5 41. Rd5 f6 42. Rxe5 Rxe5 43. Re2 Ba5 44. f3 Nc3 45. Rxe5 fxe5 46. Qb8 Nd5 47. Qa8 Nf4+ 48. Kh2 Bb6 49. a5 Bd4 50. a6 Nd3 51. Qb7 Ne1 52. Kg3 1-0

[Event "Mondariz Promocion B"]
[Site "Mondariz"]
[Date "1999.08.07"]
[Round "2"]
[White "Bueno, Manuel"]
[Black "Miguel, Victor"]
[Result "1-0"]
[WhiteElo "2175"]
[BlackElo "2340"]
[PlyCount "79"]
[EventDate "1999.08.??"]
[Source "www.chesslib.no"]
[SourceDate "2004.05.04"]

1. e4 e5 2. Nf3 Nc6 3. Nc3 Nf6 4. Bb5 Bc5 5. O-O d6 6. h3 O-O 7. d3 a6 8. Bc4 b5 9. Bb3 h6 10. Ne2 Na5 11. Ng3 Bb6 12. Qe2 Nxb3 13. axb3 Kh7 14. Kh1 g6 15. Nh2 d5 16. f4 dxe4 17. fxe5 exd3 18. cxd3 Ng8 19. Ne4 Bf5 20. Ng4 Bxg4 21. Qxg4 Qxd3 22. Bd2 Rae8 23. Qf4 f5 24. Nf6+ Rxf6 25. exf6 Rf8 26. Bc3 Nxf6 27. Bxf6 Rxf6 28. Rfd1 Qxb3 29. Rd7+ Rf7 30. Rad1 Qe6 31. Rxf7+ Qxf7 32. Qe5 g5 33. Rd8 Kg6 34. Re8 Bd4 35. Re6+ Kh5 36. g4+ fxg4 37. hxg4+ Kh4 38. Rxh6+ Kxg4 39. Qxd4+ Kg3 40. Qg1+ 1-0

[Event "RUS-Cup"]
[Site "Minsk"]
[Date "2000.??.??"]
[Round "3"]
[White "Kolesnik, Eduard"]
[Black "Ivannikov, Oleg"]
[Result "1-0"]
[WhiteElo "2412"]
[BlackElo "2102"]
[PlyCount "52"]
[EventDate "2000.??.??"]
[Source "www.chesslib.no"]
[SourceDate "2004.05.04"]

1. e4 e5 2. Nf3 Nc6 3. Nc3 Nf6 4. Bb5 Bc5 5. Nxe5 Bxf2+ 6. Kxf2 Nxe5 7. d4 Neg4+ 8. Kg1 c6 9. Be2 d6 10. h3 Nh6 11. Kh2 Qe7 12. Qd3 Be6 13. Qg3 O-O-O 14. Rf1 Rhg8 15. Bg5 Nhg4+ 16. Bxg4 Nxg4+ 17. Qxg4 f6 18. Bxf6 gxf6 19. Qf4 Qf7 20. Rf2 Kc7 21. Rd1 f5 22. exf5 Rdf8 23. f6 Qg6 24. d5 cxd5 25. Nb5+ Kc6 26. Qxd6+ Kxb5 1-0

[Event "Wisla BES Open"]
[Site "Wisla"]
[Date "1992.??.??"]
[Round "8"]
[White "Raszka, Janusz"]
[Black "Macieja, Bartlomiej"]
[Result "0-1"]
[WhiteElo "2210"]
[BlackElo "2300"]
[PlyCount "68"]
[EventDate "1992.??.??"]
[Source "www.chesslib.no"]
[SourceDate "2004.05.04"]

1. e4 e5 2. Nf3 Nc6 3. Nc3 Nf6 4. Bb5 Bc5 5. O-O O-O 6. Nxe5 Nxe5 7. d4 Bd6 8. dxe5 Bxe5 9. Bd3 Re8 10. Ne2 d5 11. f4 Bd6 12. e5 Bc5+ 13. Kh1 Ne4 14. Qe1 Bb6 15. Bxe4 dxe4 16. Ng3 f5 17. Be3 Be6 18. Bxb6 axb6 19. Qc3 Qe7 20. a3 Ra5 21. Rad1 Rd8 22. b4 Rad5 23. Rxd5 Rxd5 24. Kg1 Qd7 25. Kf2 Rd4 26. Ke3 Rc4 27. Qb2 Qc6 28. Kd2 e3+ 29. Kxe3 Rxc2 30. Qd4 Qxg2 31. Qd3 Qxh2 32. Ne2 Rxe2+ 33. Qxe2 Qxe2+ 34. Kxe2 Bc4+ 0-1

[Event "4th Open C Women"]
[Site "Moscow RUS"]
[Date "2008.02.09"]
[Round "8"]
[White "Fakhretdinova, M."]
[Black "Burtasova, A."]
[Result "0-1"]
[WhiteElo "2160"]
[BlackElo "2345"]
[PlyCount "100"]
[EventDate "2008.02.02"]
[Source "www.chesslib.no"]
[SourceDate "2004.05.04"]

1. e4 e5 2. Nf3 Nc6 3. Nc3 Nf6 4. Bb5 Bc5 5. O-O O-O 6. d3 Re8 7. Bg5 h6 8. Bh4 a6 9. Bc4 Be7 10. Bg3 d6 11. d4 exd4 12. Nxd4 Nxd4 13. Qxd4 b5 14. Be2 Bb7 15. Rad1 Bf8 16. Bf3 c5 17. Qd3 b4 18. Nd5 Nxd5 19. exd5 Qf6 20. c3 a5 21. Rfe1 Rxe1+ 22. Rxe1 Ba6 23. Qc2 g6 24. h3 Bg7 25. Re3 Bb5 26. c4 Bd7 27. b3 a4 28. Bg4 axb3 29. axb3 Bxg4 30. hxg4 Bf8 31. Qe2 Ra1+ 32. Kh2 Rb1 33. Qa2 Ra1 34. Qc2 Qd4 35. Qe2 Qf6 36. Rf3 Qe7 37. Re3 Qg5 38. Re8 Rb1 39. Rxf8+ Kxf8 40. Bxd6+ Kg7 41. Bg3 h5 42. gxh5 Qxh5+ 43. Qxh5 gxh5 44. Bd6 Rxb3 45. Bxc5 Kf6 46. f4 Rb1 47. Bd6 b3 48. c5 b2 49. Be5+ Kf5 50. Kg3 h4+ 0-1

[Event "Balatonbereny-C"]
[Site "Balatonbereny"]
[Date "1995.??.??"]
[Round "10"]
[White "Gross, David2"]
[Black "Kende, Gyorgy"]
[Result "0-1"]
[WhiteElo "2240"]
[BlackElo "2265"]
[PlyCount "68"]
[EventDate "1995.08.??"]
[Source "ChessBase"]

1. e4 e5 2. Nf3 Nc6 3. Nc3 Nf6 4. Bb5 Bc5 5. O-O O-O 6. Nxe5 Re8 7. Nxc6 bxc6 8. Bc4 Bd4 9. Ne2 Bb6 10. Ng3 h5 11. Nxh5 Rxe4 12. Nxf6+ Qxf6 13. Be2 d5 14. Bf3 Re7 15. d3 Bf5 16. Qd2 Qh4 17. g3 Qh3 18. Qb4 Rae8 19. Bd2 c5 20. Qf4 c6 21. Rfe1 c4 22. Rxe7 Rxe7 23. dxc4 Bxc2 24. Re1 Rxe1+ 25. Bxe1 Bd3 26. Bg2 Qe6 27. Bd2 Qe2 28. h4 Bxc4 29. b3 Bd3 30. Bc3 Bg6 31. g4 d4 32. Bxd4 Qe7 33. h5 Bh7 34. Bxc6 Bc7 0-1

[Event "Bayern-chA"]
[Site "GER"]
[Date "1997.??.??"]
[Round "4"]
[White "Loew, Gerald"]
[Black "Lochte, Thomas"]
[Result "1-0"]
[WhiteElo "2275"]
[BlackElo "2225"]
[PlyCount "51"]
[EventDate "1997.??.??"]
[Source "www.chesslib.no"]
[SourceDate "2004.05.04"]

1. e4 e5 2. Nf3 Nc6 3. Nc3 Nf6 4. Bb5 Bc5 5. d3 Nd4 6. Nxe5 Qe7 7. Nf3 c6 8. Ba4 d5 9. Bg5 b5 10. Bb3 Bg4 11. h3 Bxf3 12. gxf3 h6 13. Bh4 g5 14. Bg3 Nh5 15. Kf1 Qf6 16. exd5 Nxg3+ 17. fxg3 Nxf3 18. Qe2+ Kf8 19. Kg2 Nh4+ 20. gxh4 gxh4 21. Rhf1 Rg8+ 22. Kh1 Qg6 23. dxc6 Re8 24. Ne4 Rg7 25. Qf3 Bb6 26. Bxf7 1-0

[Event "XXIII Open"]
[Site "Reykjavik ISL"]
[Date "2008.03.10"]
[Round "8.28"]
[White "Arngrimsson, Dagur"]
[Black "Thorsteinsson, Erlingur"]
[Result "1-0"]
[WhiteElo "2359"]
[BlackElo "2132"]
[PlyCount "41"]
[EventDate "2008.03.03"]
[Source "www.chesslib.no"]
[SourceDate "2004.05.04"]

1. e4 e5 2. Nf3 Nc6 3. Nc3 Nf6 4. Bb5 Bc5 5. Nxe5 Qe7 6. Nd3 Nxe4 7. O-O Nxc3 8. dxc3 O-O 9. Re1 Qd6 10. Bf4 Qd5 11. c4 Qf5 12. Bxc6 dxc6 13. Re5 Bxf2+ 14. Kxf2 Qf6 15. Kg1 Bf5 16. Qf3 Be6 17. Qe4 h6 18. Rf1 Qd8 19. Nc5 Bc8 20. Re1 b6 21. Re8 1-0